Recording Financial Transactions (Record no. 5984)

MARC details
005 - DATE AND TIME OF LATEST TRANSACTION
control field 20250628114545.0
020 ## - INTERNATIONAL STANDARD BOOK NUMBER
International Standard Book Number 9781847106339
111 ## - MAIN ENTRY--MEETING NAME
Meeting name or jurisdiction name as entry element ACCA
245 ## - TITLE STATEMENT
Title Recording Financial Transactions
260 ## - PUBLICATION, DISTRIBUTION, ETC.
Place of publication, distribution, etc. Berkshire
Name of publisher, distributor, etc. Kaplan Publishing
Date of publication, distribution, etc. 2008
300 ## - PHYSICAL DESCRIPTION
Extent xii, 198p.: ill; tables
Dimensions 28cm
942 ## - ADDED ENTRY ELEMENTS (KOHA)
Source of classification or shelving scheme Dewey Decimal Classification
Koha item type Books
Holdings
Date last seen Total checkouts Full call number Barcode Cost, replacement price Price effective from Koha item type Lost status Source of classification or shelving scheme Damaged status Not for loan Withdrawn status Home library Current library Shelving location Date acquired Source of acquisition Cost, normal purchase price
06/28/2025   657.2 ACC MBY000754 90000.00 06/28/2025 Books   Dewey Decimal Classification       CBE MBEYA CBE MBEYA General Collection 07/01/2022 DONATION 30000.00